ARRUPE JESUIT UNIVERSITY

CORONAVIRUS -STOP THE SPREAD - CLEAN,DISINFECT,COVER

Technikphilosophie im Zeitalter der Informationstechnik (Record no. 123302)

MARC details
000 -LEADER
fixed length control field 00809nam a22001937a 4500
008 - FIXED-LENGTH DATA ELEMENTS--GENERAL INFORMATION
fixed length control field 150909b xxu||||| |||| 00| 0 eng d
020 ## - INTERNATIONAL STANDARD BOOK NUMBER
International Standard Book Number 3528085452
050 ## - LIBRARY OF CONGRESS CALL NUMBER
Classification number SPCH3.H937
245 ## - TITLE STATEMENT
Title Technikphilosophie im Zeitalter der Informationstechnik
Remainder of title beitrage zum deutsch-amerikanischen Symposium in Tarrytown, N.Y., und New York September 1983
Statement of responsibility, etc edited by Alois Huning and Carl Mitcham
260 ## - PUBLICATION, DISTRIBUTION, ETC. (IMPRINT)
Place of publication, distribution, etc New York
Name of publisher, distributor, etc Friedr. Vieweg and Sohn
Date of publication, distribution, etc 1986
300 ## - PHYSICAL DESCRIPTION
Extent vii, 226p. ;
Dimensions 23cm.
500 ## - GENERAL NOTE
General note Heelan, Patrick A.- Maschinelle Wahrrehmung p. 129-140
650 ## - SUBJECT ADDED ENTRY--TOPICAL TERM
Topical term or geographic name as entry element Electronic data processing
General subdivision Congresses
9 (RLIN) 19520
650 ## - SUBJECT ADDED ENTRY--TOPICAL TERM
Topical term or geographic name as entry element Computers
General subdivision Congresses
9 (RLIN) 19521
650 ## - SUBJECT ADDED ENTRY--TOPICAL TERM
Topical term or geographic name as entry element Information Technology
General subdivision Congresses
9 (RLIN) 19522
700 ## - ADDED ENTRY--PERSONAL NAME
Personal name Huning, Alois
Relator term ed.
9 (RLIN) 19542
700 ## - ADDED ENTRY--PERSONAL NAME
Personal name Mitcham, Carl
Relator term ed.
9 (RLIN) 19541
942 ## - ADDED ENTRY ELEMENTS (KOHA)
Source of classification or shelving scheme Library of Congress Classification
Item type SPC
Holdings
Withdrawn status Lost status Source of classification or shelving scheme Damaged status Not for loan Collection code Home library Current library Shelving location Date acquired Total Checkouts Full call number Barcode Date last seen Price effective from Koha item type
    Library of Congress Classification     SPECIAL Collection ARRUPE LIBRARY ARRUPE LIBRARY Main Collection 09/09/2015   SPCH3.H937 46500003913 09/09/2015 09/09/2015 SPC

 

Arrupe Library. PO Box MP320 Mt Pleasant, Harare, Zimbabwe
263 242 745411|librarian@aju.ac.zw